MDQL
is popping MORE tags! Check the
thread
!
Quizzes
Events
Quiz Creation
Community
Videos
Private Events
Remove Ads
Sign In
Join for FREE
Feedback
Dark Mode
Quiz Categories
Sports
Geography
Music
Movies
Television
Just For Fun
Miscellaneous
History
Literature
Language
Science
Gaming
Entertainment
Religion
Holiday
For Kids
Quiz Lab
Recent
Popular Today
Quiz Kudos Today
Editor Picks
Curator Picks
Quizzes by...
Day
Popularity
Type
Ratings
Length
Year
Community
Subscriptions
Recent Discussions
Orange Saloon
Badges
Playlists
Quests
Create
Leaderboards
Showdown
Live 5
Trivia Bingo
Activity
Puzzle Library
Sporcle Events
Private Events
Virtual Trivia
Globe League
Become a Host
Pub Owners
SporcleCon
Opinionation
Our Games
Videos
Blog
Mobile Apps
Partnerships
Remove Ads and Go Orange
Feedback
Sports
Athletes
MLB
NBA
NHL
NFL
Soccer
Sports Teams
WWE
NCAA
Football
Premier League
Basketball
Baseball
Hockey
Golf
Tennis
Cricket
Rugby
Auto Racing
Olympics
World Cup
Sports
Athletes
MLB
NBA
NHL
NFL
Soccer
Sports Teams
WWE
NCAA
Football
Premier League
Basketball
Baseball
Hockey
Golf
Tennis
Cricket
Rugby
Auto Racing
Olympics
World Cup
Random Quiz
Search Sporcle
×
Quiz Lab
Quiz Lab
Sports
College
Type in answers that appear in a list
Type in answers that appear in a list
Classic
Best Score? Go Orange.
08-09 NCAA Basketball All-Conference Teams Stats
Can you name the 2008-09 1st-team all-conference players?
By
Feely
15m
182 Questions
300 Plays
300 Plays
300 Plays
Comments
Comments
Give Quiz Kudos
Give Quiz Kudos
-
- Ratings
hide this ad
Replay
Link that replays current quiz
Next Quiz
Link to next quiz in quiz playlist
You Got
0%
They Got
Avg Score
19%
Avg Friend Score
Upgrade to see
Score Distribution
Jump to the score distribution portion of the page
Score
0/182
Timer
15:00
0
Plays Today
Conference
Player
% Correct
Atlantic Coast
Tyler Hansbrough
81.7%
Big East
Terrence Williams
79%
Atlantic Coast
Ty Lawson
73.7%
Big Twelve
Blake Griffin
73.7%
Big East
DeJuan Blair
72.3%
Southwestern Athletic
Darrion Griffin
72.3%
Atlantic Sun
Ben Smith
71.3%
Big South
Anthony Smith
71.3%
Southeastern
Tyler Smith
71.3%
Big Sky
Anthony Johnson
70.7%
Big Ten
JaJuan Johnson
70.7%
Mid-
Eastern
Jason Johnson
70.7%
Western Athletic
Armon Johnson
70.3%
Big East
Luke Harangody
67.7%
Big East
Hasheem Thabeet
64.3%
Atlantic Coast
Gerald Henderson
61%
Big East
Sam Young
59.3%
Big Twelve
Sherron Collins
59%
Western Athletic
Jahmar Young
58%
Atlantic Coast
Toney Douglas
55.7%
Big Ten
Kalin Lucas
55.7%
Big Twelve
Cole Aldrich
55.7%
Big Ten
Manny Harris
55%
Big South
Joseph Harris
54%
Big Ten
Evan Turner
54%
Pacific Ten
James Harden
50.7%
Conference USA
Tyreke Evans
49.3%
Independents
Emmanuel Jones
46.7%
Southeastern
Patrick Patterson
46.7%
Summit
Johnathon Jones
46.3%
Big Ten
Talor Battle
44.3%
Southern
Stephen Curry
42.3%
Horizon
Gordon Hayward
41.3%
Atlantic Ten
Aaron Jackson
41%
Conference USA
Stefon Jackson
41%
Atlantic Coast
Jack McClinton
38%
Southeastern
Jodie Meeks
38%
Pacific Ten
Darren Collison
37.3%
Pacific Ten
Chase Budinger
36.7%
Pacific Ten
Jordan Hill
36.7%
Horizon
Matt Howard
36.3%
Big Twelve
Craig Brackins
35.3%
Big Twelve
DeMarre Carroll
34.7%
West Coast
Patrick Mills
32.7%
Big East
Jerel McNeal
32%
Southeastern
Nick Calathes
31.3%
Metro Atlantic
Ryan Thompson
30.7%
Southeastern
Devan Downey
30.3%
Southeastern
Marcus Thornton
29.7%
Big West
Larry Anderson
29.3%
Pacific Ten
Jon Brockman
29.3%
Colonial
Eric Maynor
29%
Patriot
Garrison Carr
27%
Mountain West
Jimmer Fredette
26.7%
Pacific Ten
Jeff Pendergraph
25.7%
Atlantic Ten
Dionte Christmas
25%
Southeastern
Jarvis Varnado
25%
Conference USA
Jerome Jordan
22.3%
Ohio Valley
Mike Rose
21.7%
West Coast
Matt Bouldin
21.3%
Conference USA
Jermaine Taylor
19.7%
Conference
Player
% Correct
Pacific Ten
Jerome Randle
19.7%
West Coast
Omar Samhan
19.7%
Ivy
Jeremy Lin
17.7%
Southeastern
Tasmin Mitchell
17.7%
Missouri Valley
Theron Wilson
16.3%
Pacific Ten
Patrick Christopher
15.3%
Colonial
Gerald Lee
15%
Western Athletic
Luke Babbitt
15%
Ivy
Ryan Wittman
14.7%
Conference USA
Aubrey Coleman
13.3%
Metro Atlantic
Edwin Ubiles
13%
Atlantic Ten
Jimmy Baron
12.7%
Mid-
American
Nate Miller
12.7%
Ohio Valley
Kenneth Faried
11.7%
Metro Atlantic
Kenny Hasbrouck
11.3%
Metro Atlantic
Tyrone Lewis
11.3%
Summit
Marcus Lewis
11%
America East
Marqus Blakely
10.7%
Southern
Demetrius Nelson
10.3%
West Coast
Diamon Simpson
10.3%
West Coast
Josh Heytvelt
10%
Summit
Ben Woodside
9.7%
Big Sky
Amorrow Morgan
8.7%
Missouri Valley
Osiris Eldridge
8.7%
Missouri Valley
Adam Koch
8.7%
Pacific Ten
Taylor Rochestie
8.7%
Atlantic Ten
Ahmad Nivins
8.3%
Ohio Valley
Lester Hudson
8.3%
West Coast
John Bryant
8.3%
Ivy
Louis Dale
8%
Big Sky
Damian Lillard
7.7%
Colonial
Charles Jenkins
7.7%
Mountain West
Luke Nevill
7.7%
Pacific Ten
Justin Dentmon
7.7%
Horizon
J'Nathan Bullock
7%
Mountain West
Lee Cummard
6.3%
Horizon
Josh Mayo
6%
Western Athletic
Mac Hopson
6%
America East
Corey Lowe
5.7%
Metro Atlantic
Bilal Benn
5.3%
Mid-
American
Al Fisher
5.3%
Atlantic Ten
B.J. Raymond
5%
Big South
Chavis Holmes
5%
Big South
Artsiom Parakhouski
5%
Mid-
Eastern
Reggie Holmes
5%
Southern
Andrew Lovedale
5%
West Coast
Nik Raivio
5%
Western Athletic
Gary Wilkinson
5%
Big Sky
Jeremiah Dominguez
4.7%
Patriot
Marquis Hall
4.7%
Sun Belt
Orlando Mendez-Valdez
4.7%
Missouri Valley
Booker Woodfox
4.3%
America East
Mike Trimboli
4%
Colonial
Matt Janning
4%
Mountain West
Brandon Ewing
4%
America East
John Holland
3.7%
Big West
Josh Akognon
3.7%
West Coast
Dior Lowhorn
3.7%
Mid-
American
Rodney Pierce
3.3%
Missouri Valley
Shy Ely
3.3%
Southern
Andrew Goudelock
3.3%
Conference
Player
% Correct
West Coast
Gyno Pomare
3.3%
Independents
David Holston
2.7%
Southern
Cameron Wells
2.7%
Southwestern Athletic
Brandon Brooks
2.7%
Sun Belt
Shane Edwards
2.7%
Atlantic Sun
Alex Renfroe
2.3%
Mid-
American
Michael Bramos
2.3%
Summit
Robert Jarvis
2.3%
Big West
Kyle Austin
2%
Independents
Gordon Watt
2%
Mid-
Eastern
Tywain McKee
2%
Northeast
Jeremy Goode
2%
Summit
Brett Winkelman
2%
West Coast
T.J. Campbell
2%
Big Sky
Jabril Banks
1.7%
Big Sky
Kellen McCoy
1.7%
Independents
Ryan Toolson
1.7%
Northeast
Joey Henley
1.7%
Ohio Valley
Drake Reed
1.7%
Patriot
Derrick Mercer
1.7%
Southern
Kellen Brand
1.7%
America East
Darryl Proctor
1.3%
Atlantic Sun
James Florence
1.3%
Atlantic Sun
Adnan Hodzic
1.3%
Atlantic Sun
Kevin Tiggs
1.3%
Horizon
Ryan Tillema
1.3%
Ivy
Alex Barnett
1.3%
Mid-
American
Jerome Tillman
1.3%
Mid-
Eastern
Michael Deloach
1.3%
Mountain West
Tony Danridge
1.3%
Southern
Noah Dahlman
1.3%
Summit
Erik Kangas
1.3%
Sun Belt
Desmond Yates
1.3%
Big South
Joey Lynch-Flohr
1%
Big West
Chris Devine
1%
Big West
Vince Oliver
1%
Big West
Tremaine Townsend
1%
Colonial
Marc Egerson
1%
Independents
Tyler Cain
1%
Ivy
Matt Mullery
1%
Mid-
Eastern
Eugene Myatt
1%
Northeast
Jeremy Chappell
1%
Northeast
Justin Rutty
1%
Northeast
Jaytornah Wisseh
1%
Southern
Harouna Mutombo
1%
Southland
Corey Allmond
1%
Southland
Kevin Palmer
1%
Southwestern Athletic
Grant Maxey
1%
Sun Belt
Brandon Hazzard
1%
Sun Belt
Nate Rohnert
1%
Ohio Valley
Leon Buchanan
0.7%
Patriot
Andrew Keister
0.7%
Patriot
Kaleo Kina
0.7%
Southern
Nicchaeus Doaks
0.7%
Southern
Stephen McDowell
0.7%
Southland
Ryan Bathie
0.7%
Southland
Matt Kingsley
0.7%
Southland
Anthony Vereen
0.7%
Southwestern Athletic
Jeremy Caldwell
0.7%
Southwestern Athletic
Darnell Hugee
0.7%
Quiz Playlist
Details
Report
Send in Message
Add To Playlist
Classic:
Type in answers that appear in a list
Last Updated: Feb 16, 2017
Quiz Scoreboard
CHALLENGE
Sign Up to Join the Scoreboard
Show All
Scores
Hide
Comments
May contain spoilers
Recently Published
Two Season TV Shows II
by 123Four
Television
10m
Image Sorting: Flags VI
by Barbecue
Geography
2m
Find the 'City' Movie
by crazypaving
Movies
60s
More to Explore
Quiz From the Vault
Featured Blog Post
14 Easter Pick-up Lines to Find Eggs With
hide this ad
You Might Also Like...
Tags
Basketball Quiz
College Quiz
NCAA Quiz
2008-2009
Conference
first
Player
team
Today's Top Quizzes in Sports
Browse Sports
hide this ad
Today's Top Quizzes in College
Browse College
Top Contributed Quizzes in Sports
1
Les meilleurs buteurs des matchs entre le PSG et l’OM
2
Les entraîneurs de l'OM et du PSG au 21e siècle
3
2022 World Cup Stars
4
Les joueurs passés par le PSG et l'OM
5
Players with Multiple 50 Home Run Seasons
6
FIFA Club World Cup Champions
7
Criteria MLB: Left Handed Sluggers
8
Les joueurs passés par le LOSC et le RC Lens
9
Top 10 NHL Goal Scorers of All Time
10
MLB Players with Two .350 Batting Average Seasons
Explore More
Trending Topics
Harry Potter
NBA
Anime
Disney
Marvel
Kpop
Crossword
Country
Puzzle
WWE
Soccer
Pokémon
NFL
Song
The Office
hide this ad
More By:
Feely
Quiz
Plays
Rating
Category
Featured
Created
NBA Top 200 Scorers (2000s)
552,284
4.62
Sports
Oct 3, 2010
NCAA Tournament #1 Seeds
550,185
4.69
Sports
Oct 12, 2009
NBA Opening Day Alma Maters (2010)
136,769
4.39
Sports
Oct 29, 2010
NBA Top 200 Scorers (2015-16)
128,126
4.72
Sports
Apr 14, 2016
NBA Draft Lottery Picks
127,748
4.47
Sports
Jan 13, 2012
Go to Creator's Profile
Score Distribution
Quiz Creator Spotlight
Feely
Follow
Send a Message
Quizzes Created
-
Created Quiz Play Count
-
More By This Creator
Popular Quizzes Today
1
Find the US States - No Outlines Minefield
2
Colored Red Africa Blitz
3
Find the 'City' Movie
4
5x2 Blitz: Bands
5
The Countries of the World
6
Find the Countries of Europe - No Outlines Minefield
7
Find the US States
8
US States
More Sports Quizzes
PWI Women's 100 2019
Quiz Lab
Trending Quizzes
Colored Red Europe Blitz I
Colored Red Africa Blitz II
Colored Red Europe Blitz II
Colored Red Africa Blitz III
Colored Red Europe Blitz III
Recently Updated
How Do You Spell That?
pecheneg
Godzilla Movies
pecheneg
Grab Bag: 4-10 Letters
pecheneg
2024 March Madness Bracket
pecheneg
Famous TV Couples
Peacemaker
Champions League XIs: Real Madrid
pecheneg
Largest US Cities 1790-2010
pecheneg
Rides in Walt Disney World
pecheneg
Most Oscar Losses (Acting)
pecheneg
Beyoncé Albums
pecheneg
Trending Topics
Anime
Disney
Marvel
NBA
Crossword
Kpop
Harry Potter
Pokémon
Puzzle
WWE
Country
The Office
NFL
Song
Soccer
Your Account Isn't Verified!
In order to create a playlist on Sporcle, you need to verify the email address you used during registration. Go to your
Sporcle Settings
to finish the process.
Report this User
Report this user for behavior that violates our
Community Guidelines
.
Details:
Send Report
Go to the Sporcle.com Mobile Site →
Comments